000 00981pam a2200265 a 4500
999 _c13388
_d13388
001 3907180
005 20181003091350.0
008 910925s1992 maua 001 0 eng
010 _a 91037750
020 _a053492980X (alk. paper : international student ed.)
040 _aDLC
_cDLC
_dDLC
050 0 0 _aQA276.12
_b.J64 1992
082 0 0 _a519.5
_220
100 1 _aJohnson, Robert,
_d1939-
245 1 0 _aElementary statistics /
_cRobert Johnson.
250 _a6th ed.
260 _aBoston :
_bPWS-Kent Pub. Co.,
_cc1992.
300 _a1 v. (various pagings) :
_bill. (some col.) ;
_c25 cm.
440 4 _aThe Duxbury series in statistics and decision sciences
500 _aIncludes index.
650 0 _aStatistics.
906 _a7
_bcbc
_corignew
_d1
_eocip
_f19
_gy-gencatlg
942 _2lcc
_cBOOKS